[Event "6. ODEM U25 2009"]
[Site "Willingen GER"]
[Date "2009.06.06"]
[Round "9"]
[White "Lebeda, Lukas"]
[Black "Neumair, Dorian"]
[Result "1-0"]
[Termination "normal"]
[Board "50"]
[WhiteElo "1710"]
[BlackElo "1340"]
[PlyCount "61"]
[EventCountry "GER"]
[EventRounds "9"]
[EventType "swiss"]
[EventDate "2009.05.30"]

1. d4 d5 2. c4 e6 3. Nc3 Nf6 4. Nf3 c6 5. Bf4 Nbd7 6. e3 Bb4 7. Qb3 Qa5 8. a3
Bxc3+ 9. Qxc3 Qxc3+ 10. bxc3 Ne4 11. Rc1 O-O 12. Bd3 f5 13. cxd5 exd5 14. c4 b6
15. cxd5 cxd5 16. O-O Ndf6 17. Bb5 Bb7 18. Rc7 Rab8 19. Re7 a6 20. Bxb8 Rxb8
21. Bd3 Kf8 22. Rc7 Ne8 23. Rc2 N8d6 24. Ne5 Re8 25. Nd7+ Kg8 26. Nxb6 Kh8 27.
Nd7 g5 28. f3 Re7 29. Ne5 Nf6 30. Re1 h5 31. Ng6+ 1-0

[Event "6. ODEM U25 2009"]
[Site "Willingen GER"]
[Date "2009.06.06"]
[Round "9"]
[White "Kilic, Ahmet"]
[Black "Marquardt, Annabelle"]
[Result "1/2-1/2"]
[Termination "normal"]
[Board "51"]
[WhiteElo "1166"]
[BlackElo "1381"]
[PlyCount "39"]
[BlackFideId "12900125"]
[EventCountry "GER"]
[EventRounds "9"]
[EventType "swiss"]
[EventDate "2009.05.30"]

1. c4 c5 2. Nc3 Nc6 3. g3 Nf6 4. Bg2 e6 5. d3 h6 6. Nb5 a6 7. Nc3 Rb8 8. Qb3
Nd4 9. Qd1 Be7 10. Nf3 O-O 11. Bf4 Ra8 12. Be5 Nc6 13. Bf4 d5 14. cxd5 exd5 15.
d4 Be6 16. O-O Qb6 17. Na4 Qa5 18. dxc5 Bxc5 19. Nxc5 Qxc5 20. Be3 1/2-1/2

[Event "6. ODEM U25 2009"]
[Site "Willingen GER"]
[Date "2009.06.06"]
[Round "9"]
[White "Klosa, Kevin"]
[Black "Holle, Niklas"]
[Result "1-0"]
[Termination "normal"]
[Board "52"]
[WhiteElo "1453"]
[BlackElo "795"]
[PlyCount "151"]
[WhiteFideId "12900206"]
[EventCountry "GER"]
[EventRounds "9"]
[EventType "swiss"]
[EventDate "2009.05.30"]

1. e4 e5 2. Nf3 Nc6 3. Bc4 Nf6 4. Ng5 d5 5. exd5 Na5 6. Bb3 Nxb3 7. axb3 Nxd5
8. Nf3 Bd6 9. d3 Be6 10. Bd2 Qd7 11. h3 a6 12. Nc3 Nf6 13. Qe2 O-O 14. Bg5 Qd8
15. Ne4 Be7 16. Nxe5 Nxe4 17. Bxe7 Qxe7 18. dxe4 Bxb3 19. cxb3 Qxe5 20. O-O Qb5
21. Qc4 Rfe8 22. Rfe1 h6 23. Rac1 Qxc4 24. bxc4 Reb8 25. Re2 c6 26. Rd2 b5 27.
cxb5 cxb5 28. Kf1 a5 29. Rd5 a4 30. Rcc5 b4 31. Rb5 a3 32. Rxb8+ Rxb8 33. bxa3
bxa3 34. Ra5 Rb1+ 35. Ke2 Rb2+ 36. Kf3 a2 37. Kg3 Kf8 38. Kf3 Ke7 39. g4 Kd6
40. Ke3 Kc6 41. f4 Kb6 42. Ra8 Kb5 43. Kd4 Kb4 44. Rb8+ Ka3 45. Ra8+ Kb3 46.
Kd3 Rh2 47. Rb8+ Ka3 48. Kc4 Rc2+ 49. Kd3 Rc1 50. Ra8+ Kb3 51. Rb8+ Ka3 52.
Ra8+ Kb4 53. Rxa2 Rc3+ 54. Kd4 Rxh3 55. Rg2 Rc3 56. Rb2+ Rb3 57. Rxb3+ Kxb3 58.
e5 Kb4 59. f5 Kb5 60. Kd5 Kb6 61. Kd6 Kb5 62. e6 fxe6 63. fxe6 Kc4 64. e7 Kd4
65. e8=Q Kc4 66. Qf7+ Kd4 67. Qxg7+ Ke4 68. Qxh6 Kd4 69. Qf4+ Kc3 70. g5 Kd3
71. g6 Kc3 72. g7 Kd3 73. g8=Q Kc3 74. Qgg3+ Kc2 75. Qff2+ Kd1 76. Qgg1# 1-0

[Event "6. ODEM U25 2009"]
[Site "Willingen GER"]
[Date "2009.06.06"]
[Round "9"]
[White "Triantafillidis, Zoe"]
[Black "Alt, Elisabeth"]
[Result "0-1"]
[Termination "normal"]
[Board "53"]
[WhiteElo "923"]
[BlackElo "1257"]
[PlyCount "134"]
[WhiteFideId "12900150"]
[BlackFideId "24692620"]
[EventCountry "GER"]
[EventRounds "9"]
[EventType "swiss"]
[EventDate "2009.05.30"]

1. e4 c5 2. Bc4 e6 3. Nc3 a6 4. a4 Nc6 5. d3 Nge7 6. Be3 d5 7. Bxc5 dxc4 8.
dxc4 Ng6 9. Qxd8+ Nxd8 10. Bb6 Be7 11. Nf3 O-O 12. O-O Nc6 13. Rad1 Nce5 14.
Nxe5 Nxe5 15. Rd4 Nd7 16. Bc7 Bc5 17. Rd3 Bb6 18. Bf4 Rd8 19. Rg3 Bd4 20. Bd2
b6 21. Rd1 Bb7 22. Bh6 Bf6 23. Re1 Rac8 24. Ree3 Kh8 25. Bf4 Rxc4 26. h3 Bxc3
27. Rxc3 Rxc3 28. Rxc3 Bxe4 29. Rc4 Bd5 30. Rc7 e5 31. Be3 f6 32. c4 Be4 33. f3
Bd3 34. Ra7 Bxc4 35. Rb7 b5 36. axb5 axb5 37. b4 h6 38. g4 g5 39. Bf2 Kg8 40.
h4 Nb8 41. h5 Nc6 42. Bc5 Rb8 43. Rc7 Nd4 44. Kf2 Ne6 45. Rc6 Nxc5 46. Rxc5 Rd8
47. Rc6 Rd2+ 48. Kg3 Kg7 49. Rc7+ Bf7 50. Rc5 Be8 51. Rc7+ Rd7 52. Rc8 Kf7 53.
Rc5 Rd4 54. Rc7+ Bd7 55. Kf2 Ke7 56. Rb7 Rxb4 57. Ke3 Rb3+ 58. Ke4 Rc3 59. Kd5
Rxf3 60. Ke4 Rf4+ 61. Kd5 Rxg4 62. Rb6 e4 63. Ra6 e3 64. Ra3 Rg3 65. Ra2 Be6+
66. Kd4 Bxa2 67. Kd3 b4 0-1

[Event "6. ODEM U25 2009"]
[Site "Willingen GER"]
[Date "2009.06.06"]
[Round "9"]
[White "Zeller, Lukas"]
[Black "Batora, Manuel"]
[Result "1-0"]
[Termination "normal"]
[Board "54"]
[WhiteElo "1338"]
[BlackElo "900"]
[PlyCount "89"]
[WhiteFideId "1271152"]
[BlackFideId "12900230"]
[EventCountry "GER"]
[EventRounds "9"]
[EventType "swiss"]
[EventDate "2009.05.30"]

1. e4 d5 2. exd5 Nf6 3. Nf3 Nxd5 4. h3 e6 5. Bc4 Nc6 6. d3 Bb4+ 7. c3 Ba5 8.
O-O O-O 9. Re1 Re8 10. Bg5 Nf6 11. Nbd2 Bd7 12. Ne4 Bb6 13. Nxf6+ gxf6 14. Bh6
e5 15. Nh4 Ne7 16. Qf3 Ng6 17. Nf5 Be6 18. Bb5 c6 19. Ba4 Bxf5 20. Qxf5 Nh4 21.
Qg4+ Ng6 22. h4 Kh8 23. h5 Qxd3 24. hxg6 fxg6 25. Be3 f5 26. Qd1 Red8 27. Bxb6
Qxd1 28. Raxd1 axb6 29. Rxd8+ Rxd8 30. Rxe5 Rd2 31. Re8+ Kg7 32. Re7+ Kh6 33.
Rxb7 b5 34. Bb3 Rxb2 35. Rc7 Rb1+ 36. Kh2 Rc1 37. Rxc6 b4 38. c4 Kh5 39. Rc7 h6
40. Rd7 g5 41. Rd4 f4 42. f3 Kh4 43. c5 Rxc5 44. g3+ Kh5 45. Bf7# 1-0

[Event "6. ODEM U25 2009"]
[Site "Willingen GER"]
[Date "2009.06.06"]
[Round "9"]
[White "Polert, Jesper"]
[Black "Schirra, Felix"]
[Result "0-1"]
[Termination "normal"]
[Board "55"]
[WhiteElo "779"]
[BlackElo "1440"]
[PlyCount "46"]
[BlackFideId "24692662"]
[EventCountry "GER"]
[EventRounds "9"]
[EventType "swiss"]
[EventDate "2009.05.30"]

1. e4 e6 2. d4 d5 3. Nc3 Nf6 4. e5 Nfd7 5. Nf3 c5 6. Be3 cxd4 7. Bxd4 Nc6 8.
Bb5 Nxd4 9. Nxd4 a6 10. Ba4 b5 11. Bb3 Nxe5 12. Qe2 Nc4 13. Bxc4 bxc4 14. Nc6
Qb6 15. Ne5 Qxb2 16. O-O Qxc3 17. Qh5 g6 18. Qe2 Bg7 19. Nf3 O-O 20. Ng5 Bd7
21. Qg4 h6 22. Nf3 Qxc2 23. Rac1 Qxa2 0-1